[Event "GER-chT U16"]
[Site "Walldorf"]
[Date "2017.12.28"]
[Round "4.4"]
[White "Gerzen, Robin"]
[Black "Wang, Xinyuan1111"]
[Result "0-1"]
[WhiteElo "1611"]
[BlackElo "1711"]
[PlyCount "105"]
[EventDate "2017.12.26"]
[EventType "team-swiss"]
[EventRounds "7"]
[EventCountry "GER"]
[SourceTitle "CBM 182 Extra"]
[Source "ChessBase"]
[SourceDate "2018.02.23"]
[SourceVersion "1"]
[SourceVersionDate "2018.02.23"]
[SourceQuality "1"]
[WhiteTeam "Bochum"]
[BlackTeam "Karlsruhe SF"]
[WhiteTeamCountry "GER"]
[BlackTeamCountry "GER"]

1. e4 c5 2. c3 Nf6 3. e5 Nd5 4. d4 cxd4 5. cxd4 d6 6. Bc4 Nb6 7. Bb3 Nc6 8. Nf3 dxe5 9. Nxe5 Nxe5 10. dxe5 Qxd1+ 11. Bxd1 Be6 12. Nc3 Rc8 13. Be3 Nc4 14. Ba4+ Bd7 15. Bxd7+ Kxd7 16. Rd1+ Ke8 17. Bc1 Nxe5 18. 0-0 e6 19. Rfe1 Ng4 20. Rd4 Nf6 21. Bg5 Bc5 22. Bxf6 gxf6 23. Rd3 Rd8 24. Rxd8+ Kxd8 25. Ne4 Be7 26. Rc1 f5 27. Nc5 b6 28. Nd3 Bd6 29. f4 f6 30. Kf2 Re8 31. g3 e5 32. b3 Kd7 33. a4 a6 34. Rc2 Rc8 35. Rxc8 Kxc8 36. Ke2 Kd7 37. Kd2 Kc6 38. Kc3 e4 39. Nc1 Kd5 40. Ne2 Bc5 41. Kd2 Bd4 42. Kc2 b5 43. axb5 axb5 44. Kd2 Bb6 45. Kc3 Ba5+ 46. b4 Bb6 47. Kb3 Bd4 48. Nc1 Be3 49. Ne2 Bd2 50. Nc3+ Bxc3 51. Kxc3 e3 52. Kd3 e2 53. Kxe2 0-1

[Event "Herne op 5th"]
[Site "Herne"]
[Date "2016.05.25"]
[Round "1"]
[White "Hinkmann, Jens"]
[Black "Gerzen, Robin"]
[Result "1-0"]
[WhiteElo "2103"]
[BlackElo "1746"]
[PlyCount "83"]
[EventDate "2016.05.25"]
[EventType "swiss"]
[EventRounds "7"]
[EventCountry "GER"]
[SourceTitle "CBM 172 Extra"]
[Source "ChessBase"]
[SourceDate "2016.06.21"]
[SourceVersion "1"]
[SourceVersionDate "2016.06.21"]
[SourceQuality "1"]

1. e4 Nc6 2. Nc3 e5 3. Bc4 Nf6 4. d3 h6 5. f4 Bc5 6. Nf3 d6 7. Na4 Bb6 8. Nxb6 axb6 9. 0-0 Qe7 10. a3 Bd7 11. c3 Na5 12. Ba2 c5 13. fxe5 dxe5 14. Nh4 0-0-0 15. b4 Nc6 16. Nf5 Bxf5 17. Rxf5 g6 18. Rf1 Nxe4 19. Qg4+ f5 20. Qxg6 Nxc3 21. Qe6+ Kb8 22. Qxe7 Nxe7 23. Bb2 Rxd3 24. Bc4 Re3 25. Rae1 Ned5 26. Bxd5 Nxd5 27. Rxe3 Nxe3 28. Bxe5+ Kc8 29. Bxh8 Nxf1 30. Kxf1 Kd7 31. Ke2 Ke6 32. Kd3 Kd5 33. Bg7 h5 34. b5 f4 35. Bf6 Ke6 36. Bd8 Kd5 37. a4 Ke5 38. Bxb6 Kd5 39. Bd8 Ke5 40. Bc7+ Kf5 41. a5 Kg4 42. a6 1-0

[Event "Gelsenkirchen Silvester op 3rd"]
[Site "Gelsenkirchen"]
[Date "2015.12.28"]
[Round "4"]
[White "Gerzen, Robin"]
[Black "Grunwald, Guenther"]
[Result "0-1"]
[WhiteElo "1505"]
[BlackElo "1665"]
[PlyCount "106"]
[EventDate "2015.12.27"]
[EventType "swiss"]
[EventRounds "5"]
[EventCountry "GER"]
[SourceTitle "EXT 2019"]
[Source "ChessBase"]
[SourceDate "2018.10.10"]
[SourceVersion "1"]
[SourceVersionDate "2018.10.10"]
[SourceQuality "1"]

1. e4 e5 2. Nf3 Nc6 3. Bc4 Be7 4. 0-0 Nf6 5. Re1 0-0 6. c3 d6 7. h3 a6 8. d4 b5 9. Bb3 Bb7 10. Nbd2 a5 11. a4 b4 12. d5 Nb8 13. c4 Nbd7 14. Bc2 Nc5 15. Nb3 Nxb3 16. Bxb3 c6 17. Bc2 Qc7 18. b3 Rfc8 19. Bd3 cxd5 20. exd5 Re8 21. Bb2 Bd8 22. Qe2 h6 23. Be4 Rc8 24. Qd3 Nxe4 25. Rxe4 f5 26. Ree1 e4 27. Qd4 Bf6 28. Ne5 Bxe5 29. Qd2 Qe7 30. Bxe5 Qxe5 31. Rac1 f4 32. Qe2 Qg5 33. f3 e3 34. Qd3 Rc7 35. c5 Rxc5 36. Rxc5 dxc5 37. Qb5 Rb8 38. Qxc5 Qxd5 39. Qc7 Rd8 40. Qxf4 Qxb3 41. Rxe3 Qd1+ 42. Kh2 Qd6 43. Re8+ Kh7 44. Qxd6 Rxd6 45. Re5 Bd5 46. f4 b3 47. Re2 Rc6 48. Rd2 Bg8 49. Rd7 Rb6 50. f5 b2 51. f6 b1Q 52. Rxg7+ Kh8 53. Rg4 Rxf6 0-1

[Event "Gelsenkirchen Silvester op 3rd"]
[Site "Gelsenkirchen"]
[Date "2015.12.28"]
[Round "3"]
[White "Viebahn, Dirk"]
[Black "Gerzen, Robin"]
[Result "1-0"]
[WhiteElo "2167"]
[BlackElo "1505"]
[PlyCount "87"]
[EventDate "2015.12.27"]
[EventType "swiss"]
[EventRounds "5"]
[EventCountry "GER"]
[SourceTitle "EXT 2019"]
[Source "ChessBase"]
[SourceDate "2018.10.10"]
[SourceVersion "1"]
[SourceVersionDate "2018.10.10"]
[SourceQuality "1"]

1. e4 a6 2. d4 b5 3. Nf3 Bb7 4. Bd3 Nf6 5. Qe2 e6 6. Bg5 Be7 7. Nbd2 h6 8. Bh4 0-0 9. a4 b4 10. a5 d5 11. Bxf6 Bxf6 12. e5 Be7 13. Nb3 Nd7 14. 0-0 c5 15. dxc5 Nxc5 16. Nxc5 Bxc5 17. Rfd1 Qc7 18. h3 Rac8 19. Nh2 Bd4 20. Bh7+ Kxh7 21. Rxd4 Qxc2 22. Qxc2+ Rxc2 23. Rxb4 Bc6 24. b3 Bb5 25. Nf3 Rfc8 26. Nd4 Rc1+ 27. Rxc1 Rxc1+ 28. Kh2 Bd3 29. Rb7 Kg8 30. Rb8+ Kh7 31. Rf8 Kg6 32. g4 Rc3 33. h4 Rc7 34. Rh8 f6 35. Nxe6 Rc3 36. Nf4+ Kf7 37. e6+ Ke7 38. Nxd5+ Kxe6 39. Nxc3 f5 40. gxf5+ Kxf5 41. Rd8 Bf1 42. Rd1 Bb5 43. Nxb5 axb5 44. a6 1-0